| 000 | 01001cam a22003137a 4500 | ||
|---|---|---|---|
| 003 | CHAP | ||
| 005 | 20220817040834.0 | ||
| 008 | 971013s1976 r 00010 d | ||
| 010 | _a1226 | ||
| 011 | _a2198 | ||
| 035 | _a1389 | ||
| 040 | _cCHAP | ||
| 082 |
_a519.52 _bB88 |
||
| 100 | 0 | 0 |
_aBurr, Irving W. _916263 |
| 245 | 0 | _aStatistical quality control methods | |
| 260 |
_aNew York : _bMarcel Dekker, _c1976 |
||
| 300 |
_a522 p. _b; gráfs. |
||
| 490 | 0 |
_aStatistics : textbooks and monographs _v; 16 |
|
| 590 |
_aBATCH-UPD _b10 _c20130110 _lUCH01 _h1213 |
||
| 590 |
_aBATCH-UPD _b10 _c20130410 _lUCH01 _h0751 |
||
| 590 |
_aBATCH-UPD _b10 _c20130914 _lUCH01 _h0817 |
||
| 590 |
_aCONVERSION _b10 _c20130109 _lUCH01 _h1302 |
||
| 650 | 1 | 4 |
_aCalidad _xControl de la. _917484 |
| 650 | 1 | 4 |
_aMuestreo estadístico. _979288 |
| 830 | 0 |
_aStatistics : textbooks and monographs _v; 16 |
|
| 901 | _aBK | ||
| 942 | _cLIBRO | ||
| 949 |
_a519.52 B88 _bBC _cLIBRO _d33724000928958 _eLIBRO _gI. 153110 _h78806 _i1389 _si _t242.43 |
||
| 999 |
_c1226 _d1226 |
||